000 00468nam a22001937a 4500
003 MPLRDC
005 20220104125737.0
008 210129b ||||| |||| 00| 0 eng d
020 _a978-986-6702-63-1
082 _a177.1 JTSL
100 _a加藤圣龙
245 _aNLP超强沟通术
_c杨明绮 译
250 _a初版
260 _a台湾
_b如果出版社
_c2010
300 _b280
490 _aSTART+: 08
650 _a沟通
942 _cBK
_o177.1 JTSL
999 _c29795
_d29785